[Event "BKL-Turnier"]
[Site "Leipzig"]
[Date "1981.??.??"]
[Round "7"]
[White "Gross, Stefan"]
[Black "Heinig, Wolfram"]
[Result "0-1"]
[WhiteElo "2390"]
[BlackElo "2365"]

1.Nf3 Nf6 2.c4 c5 3.g3 b6 4.Bg2 Bb7 5.O-O e6 6.Nc3 Be7 7.b3 d5 8.cxd5 Nxd5
9.Nxd5 Bxd5 10.Bb2 O-O 11.Rc1 Nd7 12.Rc2 Bf6 13.Qa1 Qe7 14.Bxf6 Nxf6 15.Qb2 Rad8
16.d3 Rfe8 17.Ne5 Bxg2 18.Kxg2 Qb7+ 19.Kg1 Qd5 20.b4 cxb4 21.Rc7 Nd7 22.Nc6 Qd6
23.Rc1 Nc5 24.Qe5 Qxe5 25.Nxe5 a5 26.Nc4 Na4 27.Kf1 Rc8 28.Nd6 Rxc7 29.Rxc7 Rb8
30.Ke1 Nc3 31.a3 Nd5 32.Rc1 bxa3 33.Nb5 a2 34.Ra1 Nb4 35.Kd2 Rc8 36.Nc3 Kf8
37.Rc1 Ra8 38.Ra1 Rc8 39.Rc1 Ra8 40.Ra1 Ke7 41.Nxa2 Nxa2 42.Rxa2 Kd6 43.Kc3 Rc8+
44.Kb2 Kc5 45.Ra4 Kb5 46.Rd4 Rc7 47.h4 e5 48.Rd5+ Rc5 49.Rd7 Kb4 50.Rxf7 a4
51.Rxg7 a3+ 52.Kb1 Kb3 53.Ra7 Rc8 54.g4 b5 55.h5 b4 56.g5 Rc2 57.g6 hxg6  0-1

[Event "Lewisham"]
[Site "Lewisham"]
[Date "1981.??.??"]
[Round "?"]
[White "Hartoch, Robert G"]
[Black "Povah, Nigel E"]
[Result "0-1"]
[WhiteElo "2405"]
[BlackElo "2365"]

1.c4 c5 2.Nf3 Nf6 3.g3 b6 4.Bg2 Bb7 5.O-O e6 6.Nc3 Be7 7.d4 cxd4 8.Qxd4 d6
9.Rd1 O-O 10.b3 Nbd7 11.Bb2 a6 12.e4 Qc7 13.Qe3 Rfe8 14.Nd4 Bf8 15.Rac1 Rad8
16.h3 Qb8 17.Re1 g6 18.Rcd1 Bg7 19.Qd2 Nc5 20.Re2 Qa8 21.Rde1 Nfd7 22.b4 Ne5
23.Qc2 Ncd3 24.Rd1 Nxb2 25.Qxb2 Nxc4 26.Qb3 Ne5 27.f4 Nc6 28.Nc2 Ne7 29.Nd4 e5
30.fxe5 dxe5 31.Nc2 Rxd1+ 32.Nxd1 Nc6 33.Nf2 Nd4 34.Nxd4 exd4 35.g4 b5 36.Qf3 Bh6
37.h4 Be3 38.Rxe3 dxe3 39.Qxe3 Qd8 40.g5 Bc8 41.a3 Qd6  0-1

[Event "Montreal zt"]
[Site "Montreal"]
[Date "1981.??.??"]
[Round "?"]
[White "Pelts, Roman"]
[Black "Spraggett, Kevin"]
[Result "1-0"]
[WhiteElo "2435"]
[BlackElo "2450"]

1.c4 Nf6 2.Nf3 c5 3.g3 b6 4.Bg2 Bb7 5.O-O e6 6.b3 Be7 7.Bb2 O-O 8.d4 cxd4
9.Qxd4 d6 10.Nc3 Nbd7 11.Rfd1 a6 12.Ne1 Bxg2 13.Nxg2 Qb8 14.Ne4 Rd8 15.Ne3 Nc5
16.Nxf6+ Bxf6 17.Qd2 Ne4 18.Qc2 Qb7 19.Bxf6 Nxf6 20.Rd4 Ne8 21.Rad1 Rac8
22.Qd2 b5 23.h4 bxc4 24.Nxc4 d5 25.Na5 Qc7 26.e4 Nf6 27.exd5 exd5 28.b4 Qb6
29.Rf4 Re8 30.Qd4 Qb5 31.Qd3 Qa4 32.Qb3 Qd7 33.Qd3 Rcd8 34.Nb3 Qa4 35.Qd2 Re7
36.Nc5 Qe8 37.Qd3 Re2 38.a4 a5 39.b5 Rc8 40.Nb3 Rcc2 41.Nd4 Re1+ 42.Rxe1 Qxe1+
43.Qf1 Rc1  1-0

[Event "Moron op"]
[Site "Moron"]
[Date "1981.??.??"]
[Round "?"]
[White "Quinteros, Miguel A"]
[Black "Bielicki, Carlos"]
[Result "1-0"]
[WhiteElo "2505"]
[BlackElo "2285"]

1.c4 c5 2.Nf3 Nf6 3.g3 b6 4.Bg2 Bb7 5.O-O e6 6.Nc3 Nc6 7.e4 d6 8.d4 cxd4
9.Nxd4 Nxd4 10.Qxd4 Be7 11.b3 O-O 12.Ba3 Qb8 13.Rad1 Rd8 14.Rfe1 Ne8 15.Qe3 Nf6
16.Qd4 Qc7 17.Nb5 Qc6 18.Qa1 Ne8 19.Bb2 a6 20.Nd4 Qc7 21.a4 Bf6 22.Rc1 Rab8
23.Red1 h6 24.Rd2 Bxd4 25.Bxd4 e5 26.Be3 Nf6 27.f3 Nd7 28.Qa3 Nc5 29.b4 Ne6
30.Rcd1 a5 31.Rb2 axb4 32.Qxb4 Nc5 33.Qxb6 Qxb6 34.Rxb6 Nxa4 35.Rbxd6 Rxd6
36.Rxd6 Rc8 37.Bf1 Nb2 38.Rb6  1-0

[Event "Moscow-4teams"]
[Site "Moscow"]
[Date "1981.??.??"]
[Round "?"]
[White "Giorgadze, Tamaz"]
[Black "Balashov, Yuri S"]
[Result "1/2-1/2"]
[WhiteElo "2530"]
[BlackElo "2600"]

1.Nf3 c5 2.c4 Nf6 3.g3 b6 4.Bg2 Bb7 5.O-O e6 6.Nc3 Be7 7.d4 cxd4 8.Qxd4 d6
9.b3 a6 10.Bb2 Nbd7 11.Ng5 Bxg2 12.Kxg2 Qc7 13.Nge4 O-O 14.Rfd1 Rfd8  1/2-1/2

[Event "US op"]
[Site "Palo Alto"]
[Date "1981.??.??"]
[Round "7"]
[White "Carrasco, Paul"]
[Black "Gheorghiu, Florin"]
[Result "0-1"]
[WhiteElo "2054"]
[BlackElo "2653"]

1.Nf3 c5 2.c4 Nf6 3.g3 b6 4.Bg2 Bb7 5.O-O e6 6.Nc3 Be7 7.d3 O-O 8.e4 d6 9.h3 a6
10.Be3 Nc6 11.d4 cxd4 12.Nxd4 Nxd4 13.Qxd4 Nd7 14.Rfd1 Rb8 15.Rac1 Qc7 16.Qd2 Rfd8
17.Nd5 exd5 18.cxd5 Nc5 19.b4 Bc8 20.f4 f6 21.Kh2 Bf8 22.bxc5 bxc5 23.Rc2 Bd7
24.Rdc1 Re8 25.e5 fxe5 26.fxe5 Bf5 27.Rc3 Rxe5 28.Bf4 Ree8 29.Rxc5 Qf7 30.Rc7 Qf6
31.R1c3 Be4 32.Bxe4 Rxe4 33.R7c4 Ree8 34.Rb3 h6 35.h4 Rxb3 36.axb3 Qf5 37.Be3 Qf3
38.Rc3 Re5 39.Rd3 g5 40.hxg5 hxg5 41.Qg2 Qf5 42.Qd2 Qf3 43.Qg2 Qg4 44.Bf2 Qh5+
45.Kg1 g4 46.Be3 Qf5 47.Qd2 Qe4 48.Bg5 Bg7 49.Rd4 Qf3 50.Rd3 Qe4 51.Be3 Rh5  0-1

[Event "Pamporovo"]
[Site "Pamporovo"]
[Date "1981.??.??"]
[Round "4"]
[White "Lechtynsky, Jiri"]
[Black "Velickovic, Sasa"]
[Result "1/2-1/2"]
[WhiteElo "2455"]
[BlackElo "2420"]

1.Nf3 c5 2.g3 b6 3.Bg2 Bb7 4.O-O Nf6 5.c4 e6 6.Nc3 Be7 7.Re1 d6 8.e4 a6 9.d4 cxd4
10.Nxd4 Qc7 11.Qe2 O-O 12.Bd2 Nbd7 13.Rac1 Rfe8 14.h3 Rac8 15.b3 Qb8 16.Kh2 g6
17.Bh6 Qa8 18.Qb2 Ne5 19.Qd2 Qb8 20.Bg5 Ned7 21.Bh6 Ba8  1/2-1/2

[Event "Pernik"]
[Site "Pernik"]
[Date "1981.??.??"]
[Round "5"]
[White "Szekely, Peter"]
[Black "Spiridonov, Nikola"]
[Result "1/2-1/2"]
[WhiteElo "2425"]
[BlackElo "2425"]

1.Nf3 Nf6 2.c4 c5 3.g3 b6 4.Bg2 Bb7 5.O-O e6 6.Nc3 Be7 7.d4 cxd4 8.Qxd4 d6
9.Rd1 O-O 10.b3 Nbd7 11.e4 a6 12.Ba3 Nc5 13.e5 dxe5 14.Qxd8 Rfxd8 15.Nxe5 Bxg2
16.Kxg2 Bf8 17.Bxc5 bxc5 18.Na4 Rd6 19.Kf3 h5 20.Ke2 Rc8  1/2-1/2

[Event "Pernik"]
[Site "Pernik"]
[Date "1981.??.??"]
[Round "8"]
[White "Spiridonov, Nikola"]
[Black "Makropoulos, Georgios"]
[Result "1-0"]
[WhiteElo "2425"]
[BlackElo "2485"]

1.c4 c5 2.Nf3 Nf6 3.g3 b6 4.Bg2 Bb7 5.O-O e6 6.Nc3 Be7 7.d4 cxd4 8.Qxd4 d6
9.Rd1 a6 10.b3 Nbd7 11.e4 O-O 12.Ba3 Nc5 13.e5 dxe5 14.Qxd8 Rfxd8 15.Nxe5 Bxg2
16.Kxg2 Bf8 17.Bxc5 Bxc5 18.Na4 Rdc8 19.h4 Bb4 20.Nxb6 Bc3 21.Nxc8 Rxc8 22.Nc6 Kf8
23.Rac1 Ne4 24.Rd8+ Rxd8 25.Nxd8 Ke7 26.Nxe6 Kxe6 27.f3  1-0

[Event "Bohemians"]
[Site "Prague"]
[Date "1981.??.??"]
[Round "?"]
[White "Neckar, Lubomir"]
[Black "Gruenberg, Hans Ulrich"]
[Result "1/2-1/2"]
[WhiteElo "2380"]
[BlackElo "2435"]

1.Nf3 Nf6 2.c4 b6 3.g3 Bb7 4.Bg2 c5 5.O-O e6 6.Nc3 Be7 7.d4 cxd4 8.Qxd4 d6
9.Rd1 a6 10.Ng5 Bxg2 11.Kxg2 Nc6 12.Qf4 Ne5 13.b3 Qc7 14.Nce4 O-O 15.Nxf6+ Bxf6
16.Ne4 Be7 17.Bb2 Rfd8 18.Kg1 Rac8 19.Rd2 Ng6 20.Qe3 b5 21.cxb5 axb5 22.Rc1 Qb8
23.Rxc8 Qxc8 24.h4 d5 25.h5 Nf8 26.Ng5 h6 27.Nf3 Qa8 28.Kh2 Nd7 29.Qf4 Nf6
30.Qc7 Bd6 31.Qb6 Ne4 32.Rc2 Rb8 33.Qd4 Nf6 34.Qh4 Be7 35.Be5 Rc8 36.Rxc8+ Qxc8
37.Bxf6 Bxf6 38.Qb4 Qa6 39.a3 Bb2 40.Qe7 Qa8 41.Qd7 Qxa3 42.Qxb5 Bc3 43.Kg2 Qa8
44.b4 Qf8 45.Qd7 Qxb4 46.Qc8+ Kh7 47.Qc7 Kg8  1/2-1/2

[Event "Riga"]
[Site "Riga"]
[Date "1981.??.??"]
[Round "12"]
[White "Vogt, Lothar"]
[Black "Vitolinsh, Alvis"]
[Result "1-0"]
[WhiteElo "2450"]
[BlackElo "2455"]

1.Nf3 e6 2.g3 b6 3.Bg2 Bb7 4.O-O c5 5.c4 Nf6 6.Nc3 Be7 7.d4 cxd4 8.Qxd4 O-O
9.Bf4 Nc6 10.Qd2 Na5 11.b3 Bb4 12.Qb2 d5 13.cxd5 Bxc3 14.Qxc3 Nxd5 15.Qd2 f6
16.Rac1 e5 17.Be3 Qe7 18.Bc5 bxc5 19.Qxa5 e4 20.Nh4 Qe6 21.Rxc5 g5 22.Nf3 exf3
23.Bxf3 Rfd8 24.Rc4 Rd7 25.Re4 Qb6 26.Qd2 Rad8 27.Rd4 Bc6 28.Bg4 Rd6 29.e4 h5
30.Bf3 g4 31.Bg2 Bb5 32.Rd1 Be2 33.Qxe2 Nb4 34.Rxd6 Rxd6 35.Rxd6 Qxd6 36.h3 Qd3
37.Qxd3 Nxd3 38.hxg4 hxg4 39.Bf1 Ne5 40.Be2 Kf7 41.Kf1 Ke6 42.Ke1 Kd6 43.Kd2  1-0

[Event "Riga"]
[Site "Riga"]
[Date "1981.??.??"]
[Round "12"]
[White "Ivkov, Borislav"]
[Black "Ambroz, Jan"]
[Result "1/2-1/2"]
[WhiteElo "2510"]
[BlackElo "2485"]

1.Nf3 Nf6 2.c4 b6 3.g3 c5 4.Bg2 Bb7 5.O-O e6 6.b3 Be7 7.Bb2 O-O 8.e3 d6 9.Nc3 a6
10.Qe2 Nbd7 11.Rfd1 Qb8 12.Rac1 Rd8 13.d4 Re8 14.e4 cxd4 15.Nxd4 Bf8 16.Re1 Qc7
17.h3 g6 18.Qe3 Rad8 19.g4 Qb8 20.Qg3 Qa8 21.Rcd1 Nc5 22.f3  1/2-1/2

[Event "Riga"]
[Site "Riga"]
[Date "1981.??.??"]
[Round "14"]
[White "Vogt, Lothar"]
[Black "Gipslis, Aivars"]
[Result "1/2-1/2"]
[WhiteElo "2450"]
[BlackElo "2490"]

1.Nf3 Nf6 2.g3 b6 3.Bg2 Bb7 4.O-O e6 5.c4 c5 6.Nc3 Be7 7.b3 O-O 8.Bb2 d5
9.cxd5 Nxd5 10.d4 Nd7 11.Rc1 Rc8 12.Nxd5 Bxd5 13.Qd2 cxd4  1/2-1/2

[Event "Sarajevo"]
[Site "Sarajevo"]
[Date "1981.??.??"]
[Round "1"]
[White "Csom, Istvan"]
[Black "Dizdarevic, Emir"]
[Result "1-0"]
[WhiteElo "2500"]
[BlackElo "2340"]

1.c4 c5 2.Nf3 Nf6 3.g3 b6 4.Bg2 Bb7 5.O-O e6 6.Nc3 Be7 7.d4 cxd4 8.Qxd4 d6
9.Rd1 a6 10.Ng5 Bxg2 11.Kxg2 Nc6 12.Qf4 Ra7 13.Nce4 Rd7 14.Nxf6+ Bxf6 15.Nxh7 Rxh7
16.Qe4 Rh5 17.Qxc6 Rc5 18.Qe4 Qc7 19.Be3 Rxc4 20.Qa8+ Qc8 21.Qxc8+ Rxc8 22.Rac1 Rxc1
23.Rxc1 Rb7 24.b3 Kd7 25.h4 g6 26.Kh3 Rb8 27.g4 b5 28.h5 Rh8 29.Bb6 e5 30.Rc7+ Ke6
31.Ra7 gxh5 32.Rxa6 hxg4+ 33.Kxg4 e4 34.f3 exf3 35.Kxf3 Rh3+ 36.Kf2 Rc3 37.Ba5 Bd4+
38.Ke1 Rc2 39.Bb4 Be5 40.Kd1 Rb2 41.Bd2 Kd5 42.Ra5 Ke4 43.Bc1 Rb1 44.Rxb5 Ra1
45.Rb4+ Kd5 46.a4 f5 47.Kc2 Ra2+ 48.Kd3 Ra1 49.Rc4 Ke6 50.Bd2 d5 51.Rc6+ Kd7
52.Rc5 Kd6 53.Rc1 Ra2 54.Bb4+ Kd7 55.Rc2 Ra1 56.Bc3 Bxc3 57.Kxc3 Kd6 58.Kb4 d4
59.a5 f4 60.Kb5 Kd5 61.Rc8  1-0

[Event "Smederevska Palanka"]
[Site "Smederevska Palanka"]
[Date "1981.??.??"]
[Round "5"]
[White "Popov, Luben"]
[Black "Ristic, Nenad"]
[Result "1-0"]
[WhiteElo "2465"]
[BlackElo "2340"]

1.c4 c5 2.Nf3 Nf6 3.g3 b6 4.Bg2 Bb7 5.O-O e6 6.b3 d5 7.e3 dxc4 8.bxc4 Be7
9.Bb2 O-O 10.Nc3 Ne4 11.Qc2 Nxc3 12.Bxc3 Nc6 13.Rfd1 Rc8 14.Rac1 Bf6 15.d4 cxd4
16.exd4 Ne7 17.Qb3 Qc7 18.d5 exd5 19.Bxf6 gxf6 20.Qb2 dxc4 21.Qxf6 Ng6 22.Nd4 Qd8
23.Qxd8 Rfxd8 24.Bxb7 Rc7 25.Bf3 a6 26.Nc6 Rxd1+ 27.Rxd1 b5 28.Kf1 Nf8 29.Ke1 Ne6
30.Rd6 Nc5 31.Nd4 Nd3+ 32.Kd2 Ne5 33.Be4 b4 34.Nf5 c3+ 35.Kc1 Rd7 36.Rxd7 Nxd7
37.Ne7+ Kg7 38.Nc6 Nc5 39.Bc2  1-0

[Event "Tirnava"]
[Site "Trnava"]
[Date "1981.??.??"]
[Round "9"]
[White "Vadasz, Laszlo"]
[Black "Magerramov, Elmar"]
[Result "1-0"]
[WhiteElo "2470"]
[BlackElo "2435"]

1.c4 Nf6 2.Nf3 e6 3.g3 b6 4.Bg2 Bb7 5.O-O c5 6.Nc3 Be7 7.d4 cxd4 8.Qxd4 d6
9.Rd1 a6 10.Ng5 Bxg2 11.Kxg2 Nc6 12.Qf4 Ra7 13.Nge4 Rd7 14.Be3 Nb4 15.Rd2 d5
16.Nxf6+ Bxf6 17.cxd5 Nxd5 18.Nxd5 Rxd5 19.Rad1 Rxd2 20.Rxd2 Qa8+ 21.f3 O-O
22.Bxb6 h6 23.Be3 Rb8 24.b3 Bg5 25.Qe5 Rb5 26.Qc3 Bf6 27.Qc7 a5 28.Rc2 Qd5
29.Qc8+ Kh7 30.Qc4 Qd7 31.Qe4+ g6 32.Qc6 Qxc6 33.Rxc6 a4 34.bxa4 Rb2 35.Kf2 Rxa2
36.Ra6 Kg7 37.Ra8 Bc3 38.f4 h5 39.Bb6 Rb2 40.a5 Rb3 41.Rc8 e5 42.Rc4 h4 43.gxh4 Kh6
44.Ra4 exf4 45.Rxf4 Rb5 46.Ra4 Be5 47.Be3+ Kg7 48.a6 Rb8 49.Bd4  1-0

[Event "Yerevan"]
[Site "Yerevan"]
[Date "1981.??.??"]
[Round "8"]
[White "Azmaiparashvili, Zurab"]
[Black "Itkis, Boris"]
[Result "1-0"]
[WhiteElo "2380"]
[BlackElo "2275"]

1.c4 Nf6 2.Nf3 b6 3.g3 Bb7 4.Bg2 c5 5.O-O e6 6.b3 Be7 7.Bb2 O-O 8.d4 cxd4
9.Qxd4 d6 10.Nc3 a6 11.Rfd1 Nbd7 12.h3 Qc7 13.e4 Rfe8 14.Rac1 Bf8 15.Nh2 Rac8
16.g4 h6 17.h4 Ne5 18.g5 Nfg4 19.Nxg4 Nxg4 20.Na4 hxg5 21.hxg5 Bc6 22.Qxb6 Qe7
23.f3 Ne5 24.Nc3 Qxg5 25.Qf2 Qh5 26.Ne2 Be7 27.c5 Bh4 28.Qe3 d5 29.Bxe5 Qxe5
30.f4 Qh5 31.Nd4 e5 32.Nxc6 exf4 33.Qh3 Rxc6 34.Rxd5 Qh6 35.Qf3 Rce6 36.Rh5 Qf6
37.Qc3 Qe7 38.Qh3 g5 39.Qf5 Rg6 40.c6 Qa3 41.Qc5 Qb2 42.Qc3 Qf2+ 43.Kh2 Rg7
44.c7 Rc8 45.Qd3  1-0

[Event "DDR-POL-CSR U26"]
[Site "Zinnowitz"]
[Date "1981.??.??"]
[Round "?"]
[White "Boensch, Uwe"]
[Black "Stempin, Pawel"]
[Result "1/2-1/2"]
[WhiteElo "2455"]
[BlackElo "2325"]

1.Nf3 Nf6 2.c4 b6 3.g3 c5 4.Bg2 Bb7 5.O-O e6 6.Nc3 Be7 7.b3 O-O 8.Bb2 d6
9.Re1 a6 10.e4 Nbd7 11.d4 cxd4 12.Nxd4 Qc7 13.Qe2 Rfe8 14.Rad1 Bf8 15.Nc2 Rad8
16.Ne3 Qb8 17.h3 g6 18.Rd2 Bc6 19.Nc2 Qa8 20.Ba3 Qb8 21.Red1 Nc5 22.b4 Na4
23.Nxa4 Bxa4 24.Rb1 Qc7 25.Bb2 e5 26.Ne3 Bh6 27.Nd5 Nxd5 28.Rxd5 Rc8 29.Bc1 Bf8
30.Be3 Bd7 31.Rd2 Be6 32.c5 dxc5 33.bxc5 b5 34.Rc2 Bc4 35.Rxc4 bxc4 36.Qxc4 Bxc5
37.Rc1 Bd6 38.Qxa6 Ra8 39.Qd3 Qe7 40.Qd5 Red8 41.Qc4 Ba3 42.Rc2 Kg7 43.Bf1 Rab8
44.Be2 Rb1+ 45.Kh2 Qb7 46.h4 h5 47.Qc6 Rd7 48.Ba6 Qxc6 49.Rxc6 Rd6 50.Rxd6 Bxd6
51.Bc4 Ba3 52.Kg2 Rb7 53.Kf3 Rc7 54.Bb3 Bc5 55.Bxc5 Rxc5 56.Ke3 Rc3+ 57.Kd2 Rc5
58.Kd3 Kf8 59.Bc4 Ke7 60.Kc3 Rc6 61.Kb4 Rf6 62.Kc5 Kd7 63.a4 Rxf2 64.Kb6 Kc8
65.a5 Kb8 66.Bd5 f5 67.a6 Rb2+ 68.Kc6 Ka7 69.Kd6 fxe4 70.Bxe4 Rb3 71.Kxe5 Rxg3
72.Kf6 Rg4 73.Bxg6  1/2-1/2

[Event "ARG-ch sf"]
[Site "Buenos Aires"]
[Date "1982.??.??"]
[Round "?"]
[White "Bazan, Osvaldo"]
[Black "Hase, Juan C"]
[Result "0-1"]
[WhiteElo "2275"]
[BlackElo "2420"]

1.Nf3 c5 2.c4 Nf6 3.g3 b6 4.Bg2 Bb7 5.O-O e6 6.b3 Be7 7.d4 cxd4 8.Bb2 O-O
9.Na3 a6 10.Nc2 b5 11.Qxd4 Be4 12.Ne5 Bxg2 13.Kxg2 d6 14.Nf3 Qc7 15.Ne3 Qb7
16.Kg1 Nc6 17.Qd3 Rfd8 18.Rac1 d5 19.cxd5 Nb4 20.Qb1 Nbxd5 21.Nxd5 Nxd5 22.Rfd1 h6
23.Qe4 Rac8 24.Ne5 Bf6 25.Bd4 Rxc1 26.Rxc1 Rc8 27.Rxc8+ Qxc8 28.Kg2 Qc1 29.Nd3 Qd2
30.Bxf6 Nxf6 31.Qa8+ Kh7 32.Qxa6 Qxe2 33.Qxb5 Ng4 34.Kg1 Nxf2 35.h4 Nxd3
36.Qb8 Ne5  0-1

[Event "New Delhi"]
[Site "Delhi"]
[Date "1982.??.??"]
[Round "5"]
[White "Ravisekhar, Raja"]
[Black "Parameswaran, Tiruchi N"]
[Result "1/2-1/2"]
[WhiteElo "2400"]
[BlackElo "2390"]

1.Nf3 Nf6 2.g3 b6 3.Bg2 Bb7 4.O-O c5 5.c4 e6 6.Nc3 Be7 7.d4 cxd4 8.Qxd4 d6
9.b3 O-O 10.Bb2 a6 11.Rfd1 Nbd7 12.Nd2 Bxg2 13.Kxg2 Qc7 14.Nde4 Rfd8 15.f3 Ne8
16.Qe3 Qb7 17.Ng5 Ndf6 18.Nge4 b5 19.Nxf6+ Bxf6 20.Rab1 bxc4 21.bxc4 Qc6
22.Ne4 Bxb2 23.Rxb2 Qxc4 24.Rc1 Qd5 25.Qb6 h6 26.Nf2 Qh5 27.Nd3 Qg5 28.h4 Qf6
29.Rc4  1/2-1/2

[Event "Eksjo"]
[Site "Eksjo"]
[Date "1982.??.??"]
[Round "2"]
[White "Lengyel, Levente"]
[Black "Gurevich, Dmitry"]
[Result "1-0"]
[WhiteElo "2420"]
[BlackElo "2470"]

1.Nf3 Nf6 2.c4 c5 3.g3 b6 4.Bg2 Bb7 5.O-O e6 6.Nc3 d6 7.d4 cxd4 8.Qxd4 a6
9.Rd1 Nbd7 10.Ng5 Bxg2 11.Kxg2 Rc8 12.Nge4 Rc6 13.Bf4 Qa8 14.Kg1 e5 15.Nxf6+ Nxf6
16.Qe3 Rxc4 17.Bg5 Nd7 18.Nd5 f6 19.Qf3 e4 20.Qb3 Qc6 21.Be3 b5 22.Rac1 a5
23.Rxc4 bxc4 24.Qc3 Kf7 25.Rd4 f5 26.Qxa5 g6 27.Nb4 Qc5 28.Qa4 Qc8 29.Nc6 Nc5
30.Qxc4+ Kg7 31.Rd1 Ne6 32.Qc3+ Kf7  1-0

[Event "Esbjerg-B"]
[Site "Esbjerg"]
[Date "1982.??.??"]
[Round "1"]
[White "Sloth, Jorn"]
[Black "Knudsen, Per"]
[Result "1-0"]
[WhiteElo "2380"]
[BlackElo "2305"]

1.Nf3 Nf6 2.g3 b6 3.Bg2 Bb7 4.O-O e6 5.c4 c5 6.Nc3 Be7 7.b3 O-O 8.Bb2 d5
9.cxd5 Nxd5 10.Rc1 Nd7 11.Qc2 Bf6 12.Rfd1 Qe7 13.d4 Nxc3 14.Bxc3 cxd4 15.Nxd4 Bxg2
16.Kxg2 Rac8 17.Qe4 Nc5 18.Qf3 Qb7 19.Bb4 Qxf3+ 20.Nxf3 Rc7 21.Bxc5 bxc5
22.Rc4 Rfc8 23.Rdc1 Kf8 24.Nd2 Be7 25.b4 Bd6 26.Ne4 Be7 27.Nxc5 Ke8 28.Kf3 a5
29.a3 axb4 30.axb4 Rb8 31.Nd3 Rxc4 32.Rxc4 f6 33.Rc7 Kf8 34.Nc5 Kf7 35.Nb7 e5
36.Na5 Re8 37.Nc6 Ke6 38.Rxe7+ Rxe7 39.Nxe7 Kxe7 40.Ke4 Ke6  1-0

[Event "Esbjerg-B"]
[Site "Esbjerg"]
[Date "1982.??.??"]
[Round "10"]
[White "Rodgaard, John"]
[Black "Plaskett, Jim"]
[Result "0-1"]
[WhiteElo "2325"]
[BlackElo "2405"]

1.Nf3 Nf6 2.c4 e6 3.g3 b6 4.Bg2 Bb7 5.O-O c5 6.b3 Be7 7.Bb2 O-O 8.Nc3 d6
9.e3 a6 10.Qe2 Nbd7 11.h3 Qb8 12.Rad1 Ra7 13.Ba1 Ne4 14.Nxe4 Bxe4 15.d3 Ba8
16.e4 b5 17.Nh2 a5 18.f4 a4 19.h4 Bf6 20.Bxf6 Nxf6 21.g4 bxc4 22.bxc4 Rb7
23.g5 Rb2 24.Rd2 Rxd2 25.Qxd2 Nd7 26.Qc2 Qb4 27.Rb1 Qa3 28.h5 Rb8 29.h6 g6
30.Rxb8+ Nxb8 31.Qb1 Nc6 32.e5 Qb4 33.Qa1 d5 34.cxd5 Nd4 35.dxe6 Ne2+ 36.Kh1 Bxg2+
37.Kxg2 Nxf4+ 38.Kf2 Qd2+ 39.Kg3 Nh5+ 40.Kh3 Qxd3+ 41.Kg2 Nf4+ 42.Kf2 Qe2+
43.Kg3 Nh5+ 44.Kh3 Qe3+ 45.Kg2 Nf4+ 46.Kh1 Qe4+ 47.Kg1 Qg2+  0-1

[Event "CSR-ch"]
[Site "Frenstat"]
[Date "1982.??.??"]
[Round "4"]
[White "Plachetka, Jan"]
[Black "Jansa, Vlastimil"]
[Result "1/2-1/2"]
[WhiteElo "2435"]
[BlackElo "2475"]

1.Nf3 Nf6 2.c4 c5 3.g3 b6 4.Bg2 Bb7 5.O-O e6 6.Nc3 Be7 7.Re1 d5 8.cxd5 exd5
9.d4 O-O 10.Bg5 Na6 11.dxc5 bxc5 12.Ne5 h6 13.Bxf6 Bxf6 14.Nd3 Rb8  1/2-1/2

[Event "Gausdal Jubilee"]
[Site "Gausdal"]
[Date "1982.??.??"]
[Round "1"]
[White "Agdestein, Simen"]
[Black "Sjoberg, Mats"]
[Result "1-0"]
[WhiteElo "2280"]
[BlackElo "2380"]

1.Nf3 c5 2.g3 b6 3.Bg2 Bb7 4.O-O Nf6 5.c4 e6 6.Nc3 Be7 7.Re1 O-O 8.e4 d6
9.d4 cxd4 10.Nxd4 Qc7 11.b3 a6 12.Bb2 Nbd7 13.f4 Rad8 14.g4 d5 15.e5 dxc4
16.Bxb7 Qxb7 17.exf6 Nxf6 18.Qf3 Qxf3 19.Nxf3 Nxg4 20.Re2 Rd3 21.Ne5 Bc5+
22.Kg2 Nxe5 23.fxe5 Bd4 24.Rc1 cxb3 25.axb3 f5 26.exf6 Rxf6 27.Ne4 Rg6+ 28.Kh1 Be3
29.Rc8+ Kf7 30.Re1 Rg4 31.Rc4 Kg6 32.Nf2 Rxc4 33.Nxd3 Re4 34.Bc1  1-0

[Event "Gausdal Jubilee"]
[Site "Gausdal"]
[Date "1982.??.??"]
[Round "4"]
[White "Myreng, Svein G"]
[Black "Schussler, Harry"]
[Result "0-1"]
[WhiteElo "2220"]
[BlackElo "2485"]

1.c4 e6 2.Nf3 b6 3.g3 Bb7 4.Bg2 Nf6 5.O-O c5 6.Nc3 d6 7.d4 cxd4 8.Qxd4 a6
9.Rd1 Nbd7 10.Ng5 Bxg2 11.Kxg2 Rc8 12.Nge4 Qc7 13.Nxd6+ Bxd6 14.Qxd6 Qxd6
15.Rxd6 Rxc4 16.Bg5 Ke7 17.Rad1 Rd8 18.e4 h6 19.Be3 Rb8 20.f3 Rb7 21.Kf2 Ne8
22.R6d2 b5 23.Ne2 Rc8 24.Nd4 Nef6 25.Rc2 Rxc2+ 26.Nxc2 Rc7 27.Nb4 a5 28.Nd3 Ne8
29.Rc1 Rxc1 30.Bxc1 Kd6 31.Bd2 a4 32.Bb4+ Kc6 33.Ke3 Nd6 34.b3 axb3 35.axb3 h5
36.Kd4 f6 37.f4 Nf7 38.Be7 Nh6 39.h3 Nf7 40.Nb4+ Kb6 41.Nd3 Kc6 42.Nb4+ Kc7
43.Nd3 Kb6 44.Bb4 Nd8 45.Be1 Nc6+ 46.Kc3 f5 47.Bf2+ Kc7 48.exf5 exf5 49.Bd4 g6
50.Be5+ Kd8 51.Bd6 Nf6 52.Nc5 Ke8 53.Kd3 Kf7 54.Be5 Nd5 55.Bd6 Kf6 56.Bf8 h4
57.gxh4 Nxf4+ 58.Ke3 Ng2+ 59.Kf2 Nxh4 60.Na6 f4 61.Nc7 Nd4 62.Bb4 Kf5 63.Bc3 Nhf3
64.Bb2 Ke4 65.b4 g5 66.Ba1 Nc2 67.Bf6 Nfd4 68.Bxg5 Nxb4 69.Nxb5 Nd3+ 70.Kf1 Nxb5
71.Bxf4 Nxf4 72.h4 Nh5 73.Ke2 Nc3+ 74.Kd2 Kd4 75.Kc2 Ne4 76.Kb2 Kc5 77.Kc1 Nf2
78.Kd2 Kd4 79.Kc2 Kc4 80.Kd2 Ng4 81.Ke2 Kd4 82.Kd2 Ne3 83.Ke2 Ke4 84.Kd2 Nd5
85.Kc2 Ke3 86.Kb3 Kd3 87.Kb2 Ne3 88.Kb3 Nc2 89.Kb2 Nd4 90.Ka3 Kc4 91.Ka4 Nb3
92.Ka3 Nc5 93.Kb2 Kd3 94.Ka2 Kc2 95.Ka3 Kc3 96.Ka2 Nd3 97.Ka3 Nb2 98.Ka2 Nc4
99.Kb1 Kd2 100.Ka2 Kc2 101.Ka1 Nf6 102.h5 Nd5 103.h6 Nb4 104.h7 Na5 105.h8=Q Nb3+  0-1

[Event "Gausdal Jubilee"]
[Site "Gausdal"]
[Date "1982.??.??"]
[Round "5"]
[White "Vogel, Jaap"]
[Black "Ornstein, Axel"]
[Result "1-0"]
[WhiteElo "2335"]
[BlackElo "2475"]

1.Nf3 Nf6 2.g3 b6 3.Bg2 Bb7 4.c4 c5 5.O-O e6 6.Nc3 Be7 7.Re1 d6 8.e4 a6 9.d4 cxd4
10.Nxd4 Qc7 11.Be3 Nbd7 12.Rc1 Nc5 13.f3 O-O 14.Bf2 Rac8 15.g4 Rfd8 16.f4 d5
17.cxd5 exd5 18.e5 Nfe4 19.Be3 Qd7 20.f5 a5 21.Bf1 Bh4 22.Re2 Ba6 23.Rg2 Bxf1
24.Qxf1 Bg5 25.Bxg5 Nxg5 26.Re1 Nge4 27.Ncb5 Qe7 28.f6 Qxe5 29.fxg7 Rd7 30.Nf5 d4
31.Rf2 d3 32.Nh6+ Kxg7 33.Rxf7+ Rxf7 34.Nxf7 Qe6 35.Nfd6 Qxg4+ 36.Qg2 Qxg2+
37.Kxg2 d2 38.Rd1 Rf8 39.Nxe4 Nxe4 40.Nc3  1-0

[Event "Gausdal Jubilee"]
[Site "Gausdal"]
[Date "1982.??.??"]
[Round "6"]
[White "Stigar, Petter"]
[Black "Sjoberg, Mats"]
[Result "1-0"]
[WhiteElo "2230"]
[BlackElo "2380"]

1.Nf3 c5 2.c4 b6 3.g3 Bb7 4.Bg2 e6 5.O-O Nf6 6.Nc3 a6 7.d4 cxd4 8.Qxd4 Be7
9.Be3 Bc5 10.Qd3 Bxe3 11.Qxe3 O-O 12.Na4 b5 13.Nb6 Ng4 14.Qd4 Nc6 15.Qxg4 Qxb6
16.Rfd1 bxc4 17.Qxc4 d5 18.Qf4 Rac8 19.Rac1 a5 20.b3 Nb4 21.Qd2 Rfd8 22.Ne5 Ba6
23.a3 Nc6 24.Nxc6 Rxc6 25.Rxc6 Qxc6 26.Qxa5 Rc8 27.Bf3 Qc2 28.Rd2 Qc1+ 29.Kg2 Bb7
30.Qb4 Ba6 31.Qa5 Bb7 32.Rd3 g6 33.Qb6 Ba8 34.a4 Qb1 35.Rc3 Rxc3 36.Qb8+ Kg7
37.Qe5+ f6 38.Qxc3 e5 39.Qc7+ Kh6 40.Qd8 e4 41.Bg4  1-0

[Event "Lloyds Bank op"]
[Site "London"]
[Date "1982.??.??"]
[Round "9"]
[White "Flesch, Janos"]
[Black "Muir, Andrew J"]
[Result "1/2-1/2"]
[WhiteElo "2410"]
[BlackElo "2225"]

1.Nf3 Nf6 2.g3 b6 3.Bg2 Bb7 4.O-O c5 5.c4 e6 6.b3 Be7 7.Bb2 O-O 8.Nc3 d6
9.d3 Nbd7 10.e3 a6 11.Qe2 Qc7 12.d4 Rfe8 13.Rfd1 Ne4 14.Nxe4 Bxe4  1/2-1/2

[Event "Luzern ol (Men)"]
[Site "Luzern"]
[Date "1982.??.??"]
[Round "2"]
[White "Condie, Mark L"]
[Black "Ftacnik, Lubomir"]
[Result "0-1"]
[WhiteElo "2320"]
[BlackElo "2535"]

1.Nf3 c5 2.c4 Nf6 3.g3 b6 4.Bg2 Bb7 5.O-O e6 6.Nc3 Be7 7.b3 O-O 8.Bb2 a6
9.e3 d6 10.Qe2 Nbd7 11.d4 Re8 12.Rfd1 Rc8 13.Rac1 Rc7 14.Ne1 cxd4 15.Rxd4 Qb8
16.Rcd1 Bxg2 17.Nxg2 Rec8 18.Ne4 Nxe4 19.Rxe4 e5 20.Ba3 Rc6 21.c5 bxc5 22.Nf4 Qb5
23.Qc2 c4 24.Nd5 Bf8 25.Rxc4 Rxc4 26.bxc4 Qxc4 27.Qxc4 Rxc4 28.Bxd6 Bxd6
29.Nb6 Rc6 30.Nxd7 f6 31.Nb8 Bxb8 32.Rd8+ Kf7 33.Rxb8 Rc2 34.Rb7+ Kg6 35.a4 Rc4
36.a5 Ra4 37.Kg2 Rxa5 38.Kf3 h5 39.h3 Ra2 40.Ra7 h4 41.gxh4 a5 42.h5+ Kh6
43.Kg3 a4 44.Kf3 a3 45.Kg2 Ra1 46.Kf3 f5 47.Ra5 a2 48.Kg2 Kxh5 49.Ra8 g5
50.Rh8+ Kg6 51.Rg8+ Kf7 52.Ra8 e4 53.Ra6 f4 54.Kh2 f3 55.Ra8 Ke6 56.Ra5 Kd6  0-1

[Event "Luzern ol (Men)"]
[Site "Luzern"]
[Date "1982.??.??"]
[Round "3"]
[White "Chia Chee Seng"]
[Black "Li Zunian"]
[Result "0-1"]
[WhiteElo "2270"]
[BlackElo "2410"]

1.Nf3 Nf6 2.c4 e6 3.g3 b6 4.Bg2 Bb7 5.O-O c5 6.d4 cxd4 7.Qxd4 Be7 8.Nc3 d6
9.b3 a6 10.Rd1 Nbd7 11.e4 Qb8 12.Bb2 O-O 13.Nd2 Re8 14.h3 Bf8 15.Qd3 Qa7
16.a4 Rad8 17.Ba3 Qa8 18.Qb1 Rc8 19.Nf1 Nc5 20.Bxc5 bxc5 21.Ne3 Rb8 22.Qc2 Red8
23.f4 Bc6 24.Rab1 Qb7 25.f5 g6 26.g4 Bh6 27.Qd3 Bf4 28.fxe6 fxe6 29.Rf1 g5
30.Nc2 Qg7 31.b4 cxb4 32.Rxb4 Be5 33.Rxb8 Rxb8 34.Nd4 Qa7 35.Ne2 Bxa4 36.Kh1 Qe7
37.Nf3 Rb3 38.Qd2 Nxe4 39.Qa5 Nc5 40.Ned4 Rb8 41.Nxe5 dxe5 42.Nxe6 Nxe6 43.Qxa4 Nf4
44.Qxa6 Rb2 45.Qa8+ Qf8 46.Bd5+ Kg7 47.Qa7+ Kh8 48.Qc7 Re2 49.Qb6 e4 50.Qa5 h5
51.Be6 Qf6 52.Qa8+ Kg7 53.Qg8+ Kh6 54.Bf5 Rh2+  0-1

[Event "Luzern ol (Men)"]
[Site "Luzern"]
[Date "1982.??.??"]
[Round "6"]
[White "Palacios, Antonio"]
[Black "Oney, Feridun"]
[Result "1/2-1/2"]
[WhiteElo "2370"]
[BlackElo "2290"]

1.Nf3 Nf6 2.g3 b6 3.Bg2 Bb7 4.O-O c5 5.c4 e6 6.Nc3 d6 7.b3 Nbd7 8.d4 cxd4
9.Qxd4 a6 10.Rd1 Qb8 11.Ba3 Nc5 12.b4 Ncd7 13.Bb2 Qc7 14.Ng5 Bxg2 15.Kxg2 Rc8
16.Nce4 Qb7 17.Kg1 h6 18.Nxf6+ Nxf6 19.Nf3 Be7 20.Rac1 O-O 21.Qd3 Rfd8 22.a3  1/2-1/2